[Event "SC Rochade Emsdetten 2 - TV Borken 1"]
[Site "Verbandsliga 2017/2018"]
[Date "2017.10.07"]
[Round "2.3"]
[White "Schroer, Klaus"]
[Black "Delere, Adrian"]
[Result "0-1"]
[WhiteElo "1990"]
[BlackElo "1842"]
[PlyCount "64"]
[EventDate "2017.??.??"]
[SourceTitle "Verband Muensterland"]
[SourceDate "2017.09.16"]
[SourceVersion "1"]
[SourceVersionDate "2017.09.16"]
[SourceQuality "1"]

1. e4 e5 2. Nf3 Nc6 3. Bb5 f5 4. d4 fxe4 5. Bxc6 bxc6 6. Nxe5 Nf6 7. Bg5 Bb7 8.
Nd2 d5 9. c3 Be7 10. Bxf6 Bxf6 11. Qh5+ g6 12. Qe2 O-O 13. f4 a5 14. O-O-O Bxe5
15. fxe5 Ba6 16. Qg4 Qe7 17. h4 Rf2 18. h5 g5 19. h6 Be2 20. Qg3 Raf8 21. Rde1
R8f5 22. Nf3 e3 23. Nh4 R5f4 24. Qxe3 Bg4 25. g3 Rf8 26. Rhg1 gxh4 27. gxh4
Qxh4 28. Rh1 Qe7 29. Reg1 R2f4 30. Rh3 Rf1+ 31. Kc2 R8f2+ 32. Kd3 Rxg1 0-1

[Event "SC Rochade Emsdetten 2 - TV Borken 1"]
[Site "Verbandsliga 2017/2018"]
[Date "2017.10.07"]
[Round "2.4"]
[White "Nöring, Andreas"]
[Black "Vijayakumaran, Vithoosan"]
[Result "1/2-1/2"]
[WhiteElo "1847"]
[BlackElo "1715"]
[PlyCount "34"]
[EventDate "2017.??.??"]
[SourceTitle "Verband Muensterland"]
[SourceDate "2017.09.16"]
[SourceVersion "1"]
[SourceVersionDate "2017.09.16"]
[SourceQuality "1"]

1. e4 c5 2. Nf3 Nf6 3. Nc3 d5 4. exd5 Nxd5 5. Nxd5 Qxd5 6. b3 Bg4 7. Be2 Nc6 8.
Bb2 O-O-O 9. d3 e5 10. h3 Bf5 11. Nh4 Bd7 12. Bg4 Be7 13. Qf3 Qxf3 14. Bxd7+
Rxd7 15. Nxf3 f6 16. O-O-O Rhd8 17. Rhe1 a6 1/2-1/2

[Event "SC Rochade Emsdetten 2 - TV Borken 1"]
[Site "Verbandsliga 2017/2018"]
[Date "2017.10.07"]
[Round "2.5"]
[White "Farwick, Christian"]
[Black "Hedwig, Johannes"]
[Result "1/2-1/2"]
[WhiteElo "1827"]
[BlackElo "1787"]
[PlyCount "108"]
[EventDate "2017.??.??"]
[SourceTitle "Verband Muensterland"]
[SourceDate "2017.09.16"]
[SourceVersion "1"]
[SourceVersionDate "2017.09.16"]
[SourceQuality "1"]

1. Nf3 Nf6 2. d4 g6 3. Bf4 Bg7 4. e3 d6 5. c3 O-O 6. Nbd2 b6 7. Qc2 Bb7 8. e4
c5 9. d5 Nbd7 10. Bd3 Ng4 11. c4 Nge5 12. Rb1 Nxd3+ 13. Qxd3 f5 14. Ng5 Qc8 15.
Ne6 Rf7 16. Nf3 Nf8 17. Neg5 fxe4 18. Qxe4 Rf6 19. O-O h6 20. Nh3 e5 21. Be3
Qd7 22. Nd2 g5 23. f3 Qf5 24. Nf2 Rd8 25. Ng4 Rf7 26. Qxf5 Rxf5 27. Ne4 Bc8 28.
b4 cxb4 29. Rxb4 Ng6 30. a4 Rf7 31. h3 Nf4 32. a5 Nd3 33. Rb3 Nc5 34. Bxc5 bxc5
35. Rb8 Rb7 36. Rxb7 Bxb7 37. Rb1 Ba6 38. Ne3 Bf8 39. Kf2 Kf7 40. Ke2 Ke8 41.
Kd3 Kd7 42. Nf5 Ke8 43. Nc3 Kd7 44. Ne3 Be7 45. Nb5 Ra8 46. Nf5 Bf8 47. Kc3 Rb8
48. Rb3 Ra8 49. Kb2 Bc8 50. Ka3 Ba6 51. Ka4 Bc8 52. g4 Ba6 53. Rb1 Bc8 54. Rb2
Rb8 1/2-1/2

[Event "SC Rochade Emsdetten 2 - TV Borken 1"]
[Site "Verbandsliga 2017/2018"]
[Date "2017.10.07"]
[Round "2.6"]
[White "Wissing, Philipp"]
[Black "Rickert, Berthold"]
[Result "1-0"]
[WhiteElo "1763"]
[BlackElo "1727"]
[PlyCount "45"]
[EventDate "2017.??.??"]
[SourceTitle "Verband Muensterland"]
[SourceDate "2017.09.16"]
[SourceVersion "1"]
[SourceVersionDate "2017.09.16"]
[SourceQuality "1"]

1. e4 g6 2. d4 Bg7 3. f4 d6 4. Nf3 Nd7 5. Nc3 e6 6. Bd3 c5 7. d5 Nb6 8. O-O Ne7
9. dxe6 fxe6 10. Be3 O-O 11. e5 Ned5 12. Nxd5 Nxd5 13. Qd2 Qc7 14. exd6 Qxd6
15. Ne5 Nxe3 16. Qxe3 b6 17. Be4 Rb8 18. Rad1 Qc7 19. Nc6 Rb7 20. c3 b5 21. a3
Rb6 22. Qxc5 Re8 23. Rd8 1-0

[Event "SC Rochade Emsdetten 2 - TV Borken 1"]
[Site "Verbandsliga 2017/2018"]
[Date "2017.10.07"]
[Round "2.7"]
[White "Bohn, Andreas"]
[Black "Fehlings, Gerd"]
[Result "1/2-1/2"]
[WhiteElo "1829"]
[BlackElo "1754"]
[PlyCount "79"]
[EventDate "2017.??.??"]
[SourceTitle "Verband Muensterland"]
[SourceDate "2017.09.16"]
[SourceVersion "1"]
[SourceVersionDate "2017.09.16"]
[SourceQuality "1"]

1. c4 Nf6 2. Nc3 c6 3. d4 d5 4. e3 e6 5. Nf3 Be7 6. Bd3 O-O 7. O-O dxc4 8. Bxc4
Nbd7 9. a3 Nb6 10. Bd3 Nbd5 11. Qc2 Nxc3 12. bxc3 h6 13. h3 c5 14. Rd1 cxd4 15.
cxd4 b6 16. Ne5 Bb7 17. Nc6 Bxc6 18. Qxc6 Rc8 19. Qa4 Rc7 20. Bb2 Qd5 21. Rdc1
Rfc8 22. Rxc7 Rxc7 23. Rc1 Rxc1+ 24. Bxc1 a5 25. Qc2 Qd7 26. Bb2 Bd6 27. e4 Ne8
28. Qe2 Qe7 29. a4 e5 30. Qc2 Nc7 31. Qc6 exd4 32. Qxb6 Ne6 33. Bxd4 Nxd4 34.
Qxd4 Qe5 35. Qxe5 Bxe5 36. Bc4 Kf8 37. Kf1 Ke7 38. Ke2 f6 39. Ke3 Kd6 40. Bb5
1/2-1/2

[Event "SC Rochade Emsdetten 2 - TV Borken 1"]
[Site "Verbandsliga 2017/2018"]
[Date "2017.10.07"]
[Round "2.8"]
[White "Schulte, Ralf"]
[Black "Wagner, Nils-Frederic"]
[Result "1-0"]
[WhiteElo "1730"]
[BlackElo "1734"]
[PlyCount "85"]
[EventDate "2017.??.??"]
[SourceTitle "Verband Muensterland"]
[SourceDate "2017.09.16"]
[SourceVersion "1"]
[SourceVersionDate "2017.09.16"]
[SourceQuality "1"]

1. d4 Nf6 2. Nf3 e6 3. Bg5 d5 4. e3 Be7 5. c4 Nbd7 6. Nc3 O-O 7. Bd3 h6 8. Bh4
c6 9. O-O dxc4 10. Bxc4 Re8 11. Qe2 Nh5 12. Bxe7 Qxe7 13. Bb3 Nhf6 14. Rac1 e5
15. h3 exd4 16. Nxd4 Nc5 17. Bc2 Qe5 18. Qf3 Nce4 19. Nxe4 Nxe4 20. Rfd1 Ng5
21. Qe2 Nxh3+ 22. gxh3 Bxh3 23. Qf3 Qg5+ 24. Kh2 Bg4 25. Qg3 Re5 26. f4 Qh5+
27. Kg2 Rc5 28. Rh1 Qd5+ 29. Nf3 h5 30. Bb3 Qd6 31. Rxc5 Qxc5 32. Ne5 Bf5 33.
Bxf7+ Kf8 34. Re1 Be4+ 35. Kg1 Rd8 36. Bb3 Rd2 37. Nf3 Rxb2 38. Qh3 Qb4 39.
Qc8+ Ke7 40. Qe6+ Kd8 41. Rd1+ Bd5 42. Bxd5 cxd5 43. Rxd5+ 1-0

[Event "Schach Nienberge 2 - SF Telgte 1"]
[Site "Verbandsliga 2017/2018"]
[Date "2017.10.07"]
[Round "2.1"]
[White "Hackl-Sommer, René"]
[Black "da Costa Campos, André"]
[Result "1-0"]
[WhiteElo "1984"]
[BlackElo "1942"]
[PlyCount "73"]
[EventDate "2017.??.??"]
[SourceTitle "Verband Muensterland"]
[SourceDate "2017.09.16"]
[SourceVersion "1"]
[SourceVersionDate "2017.09.16"]
[SourceQuality "1"]

1. e4 e5 2. Nf3 Nc6 3. c3 d5 4. Qa4 dxe4 5. Nxe5 Qd5 6. Nxc6 bxc6 7. Bc4 Qd6 8.
d3 exd3 9. O-O Nf6 10. Bf4 Qd7 11. Bxd3 Nd5 12. Re1+ Be7 13. Be4 Bb7 14. Bxd5
cxd5 15. Qb4 Bc6 16. Qa5 O-O 17. Qxc7 Qxc7 18. Bxc7 Bf6 19. Nd2 d4 20. cxd4
Bxd4 21. Be5 Bb6 22. Bc3 Rfe8 23. Nc4 Bc7 24. Ne3 f6 25. Rac1 Bd7 26. Bxf6
Bxh2+ 27. Kxh2 gxf6 28. Nd5 Kf7 29. Rxe8 Bxe8 30. Rc7+ Kg6 31. Kg3 Rb8 32. Ne7+
Kh6 33. Rc8 Rxb2 34. Rxe8 Rxa2 35. Rg8 Ra3+ 36. Kg4 Ra4+ 37. f4 1-0

[Event "Schach Nienberge 2 - SF Telgte 1"]
[Site "Verbandsliga 2017/2018"]
[Date "2017.10.07"]
[Round "2.2"]
[White "Melkert, Tim"]
[Black "Lodde, Martin"]
[Result "0-1"]
[WhiteElo "1918"]
[BlackElo "1961"]
[PlyCount "80"]
[EventDate "2017.??.??"]
[SourceTitle "Verband Muensterland"]
[SourceDate "2017.09.16"]
[SourceVersion "1"]
[SourceVersionDate "2017.09.16"]
[SourceQuality "1"]

1. e4 e6 2. d4 d5 3. Nc3 Bb4 4. e5 c5 5. a3 Bxc3+ 6. bxc3 Qc7 7. Nf3 Ne7 8. a4
b6 9. Bb5+ Bd7 10. Bd3 h6 11. O-O Nbc6 12. Qd2 cxd4 13. cxd4 Na5 14. Qf4 Nc4
15. Qg4 g6 16. Qh4 Bc6 17. Qf6 Rh7 18. h4 O-O-O 19. Nd2 Bb7 20. a5 Nxd2 21.
axb6 axb6 22. Bxd2 Nc6 23. h5 Nxd4 24. Be3 Nc6 25. hxg6 fxg6 26. Qxe6+ Kb8 27.
Qxg6 Rg7 28. Bxb6 Qxe5 29. Qf5 Rdg8 30. Qxe5+ Nxe5 31. g3 Nf3+ 32. Kg2 d4 33.
Rfd1 Rg5 34. Be2 Rf5 35. Kf1 Nh2+ 36. Kg1 Nf3+ 37. Kf1 Nh2+ 38. Kg1 Nf3+ 39.
Bxf3 Bxf3 40. Rxd4 Rh5 0-1

[Event "Schach Nienberge 2 - SF Telgte 1"]
[Site "Verbandsliga 2017/2018"]
[Date "2017.10.07"]
[Round "2.3"]
[White "Kuhlenbäumer, Willi"]
[Black "Wetterau, Georg"]
[Result "1-0"]
[WhiteElo "1925"]
[BlackElo "1804"]
[PlyCount "51"]
[EventDate "2017.??.??"]
[SourceTitle "Verband Muensterland"]
[SourceDate "2017.09.16"]
[SourceVersion "1"]
[SourceVersionDate "2017.09.16"]
[SourceQuality "1"]

1. e4 e5 2. Nc3 Nf6 3. f4 d5 4. fxe5 Nxe4 5. Nf3 Be7 6. d3 Nxc3 7. bxc3 O-O 8.
d4 f6 9. Bd3 fxe5 10. dxe5 h6 11. O-O Bg4 12. Qe1 Bxf3 13. Rxf3 Rxf3 14. gxf3
Bh4 15. Qf1 Nc6 16. f4 Qe8 17. Kh1 Qf7 18. Bd2 Rf8 19. Qg2 Ne7 20. Rg1 Kh8 21.
Qg4 Bf2 22. Rg2 Bb6 23. f5 Rg8 24. Qh3 Nc6 25. f6 Nxe5 26. Bxh6 1-0

[Event "Schach Nienberge 2 - SF Telgte 1"]
[Site "Verbandsliga 2017/2018"]
[Date "2017.10.07"]
[Round "2.5"]
[White "Kuhlenbäumer, Alfred"]
[Black "Kluczka, Konrad"]
[Result "0-1"]
[WhiteElo "1874"]
[BlackElo "1787"]
[PlyCount "88"]
[EventDate "2017.??.??"]
[SourceTitle "Verband Muensterland"]
[SourceDate "2017.09.16"]
[SourceVersion "1"]
[SourceVersionDate "2017.09.16"]
[SourceQuality "1"]

1. e4 e5 2. Nf3 Nc6 3. Bc4 Nf6 4. d3 Be7 5. O-O O-O 6. Re1 d6 7. h3 Na5 8. Bb3
Nxb3 9. axb3 a6 10. d4 Nd7 11. Nc3 c6 12. Be3 Re8 13. b4 Bf6 14. d5 Qc7 15. Qd3
Rb8 16. Red1 c5 17. b5 a5 18. Na4 b6 19. b3 Nf8 20. c4 Ng6 21. Qd2 Bd8 22. Nc3
f5 23. exf5 Bxf5 24. Ng5 Bxg5 25. Bxg5 h6 26. Be3 Qf7 27. Re1 Nh4 28. Kh2 Qg6
29. f3 Qh5 30. Qf2 Bxh3 31. gxh3 Nxf3+ 32. Kg2 Rf8 33. Qg3 Rf6 34. Rf1 Rbf8 35.
Qg4 Rg6 36. Rxf3 Rxg4+ 37. hxg4 Qxg4+ 38. Rg3 Qf5 39. Rc1 h5 40. Bg5 e4 41. Be3
h4 42. Rh3 Qg4+ 43. Kh2 Rf3 44. Rxf3 Qxf3 0-1

[Event "Schach Nienberge 2 - SF Telgte 1"]
[Site "Verbandsliga 2017/2018"]
[Date "2017.10.07"]
[Round "2.7"]
[White "Schenke, Conrad"]
[Black "Scharlow, Siegmar"]
[Result "1-0"]
[WhiteElo "1696"]
[BlackElo "1691"]
[PlyCount "109"]
[EventDate "2017.??.??"]
[SourceTitle "Verband Muensterland"]
[SourceDate "2017.09.16"]
[SourceVersion "1"]
[SourceVersionDate "2017.09.16"]
[SourceQuality "1"]

1. e4 c5 2. Nc3 Nc6 3. Nf3 g6 4. d4 cxd4 5. Nxd4 Bg7 6. Be3 Nf6 7. Be2 d5 8.
exd5 Nxd5 9. Nxd5 Qxd5 10. Bf3 Qa5+ 11. c3 Nxd4 12. Bxd4 Bxd4 13. Qxd4 O-O 14.
O-O Rd8 15. Qe3 Qc7 16. Rfe1 Be6 17. b3 a6 18. c4 Rac8 19. Rac1 Rd7 20. Qe5 Rd2
21. Qxc7 Rxc7 22. Re2 Rxe2 23. Bxe2 b5 24. Kf1 bxc4 25. Bxc4 Kf8 26. Ke2 Bc8
27. Rd1 Ke8 28. Rd4 e6 29. Ke3 Rd7 30. Rxd7 Kxd7 31. Kd4 Kd6 32. b4 e5+ 33. Kc3
f5 34. Bg8 h6 35. Kc4 Bd7 36. Kb3 e4 37. a4 Bc6 38. g3 g5 39. Bc4 Bd5 40. b5
axb5 41. axb5 f4 42. Kc3 e3 43. Bxd5 e2 44. Kd2 e1=Q+ 45. Kxe1 Kxd5 46. Ke2
fxg3 47. fxg3 Kc5 48. Ke3 Kxb5 49. Ke4 Kc5 50. Ke5 Kc4 51. Kf6 Kd5 52. Kg6 Ke5
53. Kxh6 Kf5 54. Kh5 g4 55. Kh4 1-0

[Event "Schach Nienberge 2 - SF Telgte 1"]
[Site "Verbandsliga 2017/2018"]
[Date "2017.10.07"]
[Round "2.8"]
[White "Hagemann, Lars"]
[Black "Rex, Dieter"]
[Result "0-1"]
[WhiteElo "1724"]
[BlackElo "1671"]
[PlyCount "116"]
[EventDate "2017.??.??"]
[SourceTitle "Verband Muensterland"]
[SourceDate "2017.09.16"]
[SourceVersion "1"]
[SourceVersionDate "2017.09.16"]
[SourceQuality "1"]

1. e4 c5 2. Nf3 Nc6 3. d4 cxd4 4. Nxd4 a6 5. c4 e6 6. Nc3 Qc7 7. Be3 Nf6 8. a3
Be7 9. Be2 O-O 10. O-O d6 11. f4 Rd8 12. Qe1 Bd7 13. Qf2 Qc8 14. e5 Ne8 15. Nf3
Nc7 16. Ne4 Be8 17. exd6 Bxd6 18. Nxd6 Rxd6 19. Rad1 Rxd1 20. Rxd1 Ne7 21. Bd4
Ba4 22. Rd2 Qe8 23. Bd3 Ng6 24. Qg3 Rc8 25. h4 Qf8 26. Ng5 f5 27. h5 Ne7 28.
Re2 Bd7 29. Nf3 Nc6 30. Bc3 Re8 31. Ne5 Bc8 32. h6 Nxe5 33. hxg7 Qc5+ 34. Kh1
Ng6 35. Re1 Qd6 36. Rf1 Qe7 37. Be1 Qxg7 38. Bc3 Qh6+ 39. Kg1 Qh4 40. Qe3 Re7
41. Rf3 Rf7 42. Rg3 Bd7 43. Kf2 Bc6 44. Qd4 Kf8 45. Bb4+ Ke8 46. Bd2 e5 47. Qe3
e4 48. Bc2 Ne6 49. Qa7 Rd7 50. Be3 Nexf4 51. Qb8+ Kf7 52. c5 Bd5 53. Ba4 Re7
54. Qd6 Bc4 55. Bd1 Be6 56. Qd4 Rd7 57. Qa4 Rxd1 58. Qxd1 Nh5 0-1